<?xml version="1.0" encoding="UTF-8"?>
<record
    xmlns:xsi="http://www.w3.org/2001/XMLSchema-instance"
    xsi:schemaLocation="http://www.loc.gov/MARC21/slim http://www.loc.gov/standards/marcxml/schema/MARC21slim.xsd"
    xmlns="http://www.loc.gov/MARC21/slim">

  <leader>00406nam a22001337a 4500</leader>
  <controlfield tag="008">140818t        fr||||| |||| 00| 0 fre d</controlfield>
  <datafield tag="050" ind1="0" ind2="4">
    <subfield code="a">B2430</subfield>
    <subfield code="b">F68 2001</subfield>
  </datafield>
  <datafield tag="100" ind1="1" ind2=" ">
    <subfield code="a">Foucault, Michel</subfield>
  </datafield>
  <datafield tag="245" ind1="1" ind2="0">
    <subfield code="a">Dits et &#xE9;crits 1954-1988 </subfield>
    <subfield code="c">Michel Foucault.</subfield>
    <subfield code="b">Volumen I 1976-1988</subfield>
  </datafield>
  <datafield tag="260" ind1=" " ind2=" ">
    <subfield code="a">Francia :</subfield>
    <subfield code="b">Quarto Gallimard, </subfield>
    <subfield code="c">2001</subfield>
  </datafield>
  <datafield tag="300" ind1=" " ind2=" ">
    <subfield code="a">1755 p.</subfield>
    <subfield code="c">22 cm</subfield>
  </datafield>
  <datafield tag="650" ind1=" " ind2="4">
    <subfield code="a">Psicoan&#xE1;lisis</subfield>
    <subfield code="x">Psicolog&#xED;a</subfield>
  </datafield>
  <datafield tag="942" ind1=" " ind2=" ">
    <subfield code="2">ddc</subfield>
    <subfield code="c">LIB</subfield>
  </datafield>
  <datafield tag="999" ind1=" " ind2=" ">
    <subfield code="c">76907</subfield>
    <subfield code="d">76907</subfield>
  </datafield>
  <datafield tag="952" ind1=" " ind2=" ">
    <subfield code="1">0</subfield>
    <subfield code="2">lcc</subfield>
    <subfield code="4">0</subfield>
    <subfield code="7">0</subfield>
    <subfield code="a">LIC-047</subfield>
    <subfield code="b">LIC-047</subfield>
    <subfield code="c">GENERAL</subfield>
    <subfield code="d">2014-08-18</subfield>
    <subfield code="e">Rec.prop.</subfield>
    <subfield code="h">BFP000010346</subfield>
    <subfield code="i">Ciencias de la salud</subfield>
    <subfield code="k">Ciencias de la salud</subfield>
    <subfield code="l">1</subfield>
    <subfield code="o">B2430 F68 2001</subfield>
    <subfield code="p">BFP000010346</subfield>
    <subfield code="r">2025-12-11 11:26:57</subfield>
    <subfield code="s">2025-11-12</subfield>
    <subfield code="t">V.2 C:2</subfield>
    <subfield code="y">LIB</subfield>
  </datafield>
</record>
